| 000 | 00529nam a2200181Ia 4500 | ||
|---|---|---|---|
| 999 |
_c8930 _d8930 |
||
| 003 | OSt | ||
| 005 | 20201008104752.0 | ||
| 008 | 190216s9999||||xx |||||||||||||| ||und|| | ||
| 020 | _a9780070472976 | ||
| 040 | _coclc | ||
| 082 |
_a004.6 _bGOD/D |
||
| 100 |
_aGodbole, Achyut S _95440 |
||
| 245 | 0 |
_aData Communications And Networks / _cAchyut S Godbole |
|
| 260 |
_bTata Mcgrawhill Publishers, _aNew Delhi: _c2007. |
||
| 300 | _a503p | ||
| 650 | _aComputer | ||
| 942 |
_cBK _2ddc _h004.6 _iGOD/D _k004.6 _mGOD/D |
||